Zamindars, mines and peasants: Studies in the history of an Indian Coalfield and its rural hinterland (Record no. 1848647)

MARC details
000 -LEADER
fixed length control field 00861nam a22002297a 4500
005 - DATE AND TIME OF LATEST TRANSACTION
control field 20260429150142.0
008 - FIXED-LENGTH DATA ELEMENTS--GENERAL INFORMATION
fixed length control field 260429b |||||||| |||| 00| 0 eng d
020 ## - INTERNATIONAL STANDARD BOOK NUMBER
International Standard Book Number 9780836403312
037 ## - SOURCE OF ACQUISITION
Terms of availability Textbook
040 ## - CATALOGING SOURCE
Original cataloging agency RTL
Transcribing agency RTL
084 ## - COLON CLASSIFICATION NUMBER
Classification number X9(F551).2.N5 L8/TD3
Assigning agency RTL
245 ## - TITLE STATEMENT
Title Zamindars, mines and peasants: Studies in the history of an Indian Coalfield and its rural hinterland
260 ## - PUBLICATION, DISTRIBUTION, ETC.
Place of publication, distribution, etc. New Delhi
Name of publisher, distributor, etc. Manohar Publications
Date of publication, distribution, etc. 1978
300 ## - PHYSICAL DESCRIPTION
Extent xxi, 236 p. : ill
Other physical details Includes bibliographical references and index
650 ## - SUBJECT ADDED ENTRY--TOPICAL TERM
Topical term or geographic name entry element Zamindars, India
9 (RLIN) 1236002
650 ## - SUBJECT ADDED ENTRY--TOPICAL TERM
Topical term or geographic name entry element Indian Coalfield
9 (RLIN) 1236003
650 ## - SUBJECT ADDED ENTRY--TOPICAL TERM
Topical term or geographic name entry element Rural Hinterland
9 (RLIN) 1236004
700 ## - ADDED ENTRY--PERSONAL NAME
Personal name Rohermund, Dietmar
Relator term Editor
9 (RLIN) 1236005
700 ## - ADDED ENTRY--PERSONAL NAME
Personal name Wadhwa, D. C.
Relator term Editor
9 (RLIN) 861929
942 ## - ADDED ENTRY ELEMENTS (KOHA)
Source of classification or shelving scheme Colon Classification (CC)
Koha item type Textbook
Classification part X9(F551).2.N5 L8/TD3
Suppress in OPAC No
Holdings
Withdrawn status Lost status Source of classification or shelving scheme Damaged status Not for loan Home library Current library Date acquired Total Checkouts Full call number Barcode Date last seen Price effective from Koha item type
    Colon Classification (CC)     Ratan Tata Library Ratan Tata Library 2026-04-29   X9(F551).2.N5 L8/TD3 RT0647216 2026-04-29 2026-04-29 Textbook
Copyright @ Delhi University Library System